| 000 | nam a22 7a 4500 | ||
|---|---|---|---|
| 999 |
_c48125 _d48125 |
||
| 003 | Nust | ||
| 005 | 20170815113642.0 | ||
| 008 | 170110b xxu||||| |||| 00| 0 eng d | ||
| 020 | _a9789693511611 (hbk) | ||
| 040 | _cNust | ||
| 041 | _hurdu | ||
| 082 |
_a910.4 _bTAR |
||
| 100 |
_aTarar, Mustansir Hussain _93908 |
||
| 245 |
_aSnow lake/ _cby Mustansar Hussain Tarar |
||
| 260 |
_aLahore: _bSang -e- Meel Publications, _c2009. |
||
| 300 | _a504p. | ||
| 650 |
_aUrdu Literature _9347 |
||
| 650 |
_aTravelogue. _93909 |
||
| 880 |
_6100-01\(3\r _aمستنصر حسین تارڑ |
||
| 880 |
_6245-02\(3\r _aسنو لیک: _bبیافو ہیسپر۔ دنیا کے طویل ترین برفانی راستے پر سفر کی داستان |
||
| 880 |
_6260-03\(3\r _aلاہور: _bسنگ میل پبلی کیشنز، _c2009 |
||
| 942 |
_2ddc _cBK |
||